000 00307nam a22001217a 4500
008 160511b xxu||||| |||| 00| 0 eng d
020 _a9781416035299
020 _a141603529
041 _aeng
080 _a61
245 _aMedical clinics of north america / Nanomedicine:
_cChiming Wei MD;
942 _2udc
_cBK
999 _c2055
_d2055